Descentralización: Una idea nueva en América Latina /
Salvato in:
| Autore principale: | |
|---|---|
| Natura: | testo |
| Soggetti: | |
| Tags: |
Aggiungi Tag
Nessun Tag, puoi essere il primo ad aggiungerne!!
|
MARC
| LEADER | 00000 a a2200000 04500 | ||
|---|---|---|---|
| 001 | 44789 | ||
| 003 | |||
| 040 | |||
| 100 | |a Couffinal , Georges | ||
| 245 | |a Descentralización: |b Una idea nueva en América Latina / |c Georges Couffignal | ||
| 650 | |a DESCENTRALIZACION | ||
| 650 | |a PRIVATIZACION | ||
| 650 | |a DEMOCRACIA | ||
| 773 | |g páginas 238-243 | ||
| 999 | |c 33131 |d 33131 | ||
